000 00447nam a2200169Ia 4500
008 240729s9999 xx 000 0 und d
022 _a2673-7248
245 0 _aTextiles
260 _aSwitzerland
260 _bMDPI AG
650 _a Chemical technology
650 _a Textile bleaching, dyeing, printing, etc.
650 _aTechnology
856 _uhttps://doaj.org/toc/044a202a26d749edb3e9881d01532f00
942 _2ddc
942 _cDOAJEJ
999 _c70397
_d70397
945 _a1
_bMadushi Gamage
_c1
_dMadushi Gamage